00406nam a2200157Ia 4500008004100000020001500041082001700056100001600073245005500089250000800144260002900152300001000181500002400191650001600215700001700231230524s9999 xx 000 0 und d a8121922151 a621.382bSIN aAnokh Singh 0aFundamentals of Digital Electronics and Microproce a1ST aNEW DELHIbS.Chandc2005 aX;644 aQuantity Number: 6 aElectronics a A.K.Chhabra